[Event "T-Director's Swiss sytem"]
[Site "playchess.com #662980"]
[Date "2014.03.16"]
[Round "8"]
[White "Promotioncaval"]
[Black "Shrek2"]
[Result "1-0"]
[WhiteElo "2187"]
[BlackElo "1864"]
[PlyCount "83"]
[EventDate "2014.03.16"]
[EventType "swiss (blitz)"]

1. e4 {[%emt 0:00:14]} c5 {[%emt 0:00:06]} 2. h4 {[%emt 0:00:12]} Nc6 {[%emt 0:
00:02]} 3. h5 {[%emt 0:00:01]} h6 {[%emt 0:00:02]} 4. c3 {[%emt 0:00:02]} Nf6 {
[%emt 0:00:02]} 5. d3 {[%emt 0:00:09]} d5 {[%emt 0:00:02]} 6. Qe2 {[%emt 0:00:
02]} e5 {[%emt 0:00:05]} 7. f3 {[%emt 0:00:02]} Be7 {[%emt 0:00:03]} 8. Be3 {
[%emt 0:00:01]} Be6 {[%emt 0:00:09]} 9. Nd2 {[%emt 0:00:01]} Qa5 {[%emt 0:00:
07]} 10. g4 {[%emt 0:00:02]} O-O-O {[%emt 0:00:03]} 11. Nb3 {[%emt 0:00:05]}
Qb6 {[%emt 0:00:07]} 12. O-O-O {[%emt 0:00:05]} a5 {[%emt 0:00:03]} 13. Kb1 {
[%emt 0:00:02]} a4 {[%emt 0:00:10]} 14. Nc1 {[%emt 0:00:01]} d4 {[%emt 0:00:05]
} 15. cxd4 {[%emt 0:00:09]} cxd4 {[%emt 0:00:02]} 16. Bd2 {[%emt 0:00:02]} Kb8
{[%emt 0:00:16]} 17. Bh3 {[%emt 0:00:09]} Nh7 {[%emt 0:00:08]} 18. f4 {[%emt 0:
00:07]} f6 {[%emt 0:00:17]} 19. g5 {[%emt 0:00:03]} Nb4 {[%emt 0:00:10]} 20.
Bxe6 {[%emt 0:00:17]} Qxe6 {[%emt 0:00:02]} 21. f5 {[%emt 0:00:09]} Qc6 {[%emt
0:00:10]} 22. gxh6 {[%emt 0:00:47]} gxh6 {[%emt 0:00:04]} 23. Bxh6 {[%emt 0:00:
06]} Ng5 {[%emt 0:00:16]} 24. Bxg5 {[%emt 0:00:02]} fxg5 {[%emt 0:00:01]} 25.
Nf3 {[%emt 0:00:02]} Bf6 {[%emt 0:00:09]} 26. Qd2 {[%emt 0:00:19]} Qb5 {[%emt
0:00:10]} 27. a3 {[%emt 0:00:17]} Na6 {[%emt 0:00:27]} 28. Nxg5 {[%emt 0:00:02]
} Bxg5 {[%emt 0:00:11]} 29. Qxg5 {[%emt 0:00:01]} Rdg8 {[%emt 0:00:16]} 30. Qd2
{[%emt 0:00:06]} Rg3 {[%emt 0:00:02]} 31. f6 {[%emt 0:00:05]} Qc6 {[%emt 0:00:
23]} 32. f7 {[%emt 0:00:08]} Qf6 {[%emt 0:00:02]} 33. Rhf1 {[%emt 0:00:08]} Rf3
{[%emt 0:00:05]} 34. Rxf3 {[%emt 0:00:01]} Qxf3 {[%emt 0:00:01]} 35. Qa5 {
[%emt 0:00:02]} Qxh5 {[%emt 0:00:43]} 36. Rf1 {[%emt 0:00:08]} Rf8 {[%emt 0:00:
06]} 37. Qxa4 {[%emt 0:00:02]} Nc7 {[%emt 0:00:03]} 38. Qd7 {[%emt 0:00:04]}
Qg6 {[%emt 0:00:15]} 39. Qe7 {[%emt 0:00:03]} Qg7 {[%emt 0:00:01]} 40. Nb3 {
[%emt 0:00:11]} Na6 {[%emt 0:00:03]} 41. Na5 {[%emt 0:00:04]} Nc7 {[%emt 0:00:
05]} 42. Nc4 {[%emt 0:00:06] Shrek2 gibt auf} 1-0

[Event "T-Director's Swiss sytem"]
[Site "playchess.com #662980"]
[Date "2014.03.16"]
[Round "8"]
[White "Readycash"]
[Black "Jrt"]
[Result "0-1"]
[WhiteElo "2342"]
[BlackElo "2390"]
[PlyCount "80"]
[EventDate "2014.03.16"]
[EventType "swiss (blitz)"]

1. e4 {[%emt 0:00:01]} e5 {[%emt 0:00:01]} 2. Nf3 {[%emt 0:00:01]} Nc6 {[%emt
0:00:01]} 3. Nc3 {[%emt 0:00:01]} Nf6 {[%emt 0:00:01]} 4. d4 {[%emt 0:00:01]}
exd4 {[%emt 0:00:01]} 5. Nxd4 {[%emt 0:00:01]} Bb4 {[%emt 0:00:01]} 6. Nxc6 {
[%emt 0:00:01]} bxc6 {[%emt 0:00:02]} 7. Bd3 {[%emt 0:00:01]} d6 {[%emt 0:00:
01]} 8. O-O {[%emt 0:00:01]} Ng4 {[%emt 0:00:01]} 9. Bf4 {[%emt 0:00:07]} g5 {
[%emt 0:00:04]} 10. Bg3 {[%emt 0:00:06]} h5 {[%emt 0:00:02]} 11. Be2 {[%emt 0:
00:12]} Bxc3 {[%emt 0:00:15]} 12. bxc3 {[%emt 0:00:03]} Qf6 {[%emt 0:00:01]}
13. h3 {[%emt 0:00:17]} Ne5 {[%emt 0:00:19]} 14. Bxh5 {[%emt 0:00:23]} Rb8 {
[%emt 0:00:02]} 15. f4 {[%emt 0:00:05]} gxf4 {[%emt 0:00:05]} 16. Bxf4 {[%emt
0:00:06]} Be6 {[%emt 0:00:06]} 17. Be2 {[%emt 0:00:40]} Qg6 {[%emt 0:00:08]}
18. Kh2 {[%emt 0:01:14]} Qxe4 {[%emt 0:00:08]} 19. Bd3 {[%emt 0:00:10]} Qd5 {
[%emt 0:00:01]} 20. Qe2 {[%emt 0:00:22]} Kd7 {[%emt 0:00:21]} 21. Rad1 {[%emt
0:00:07]} Nxd3 {[%emt 0:00:07]} 22. Rxd3 {[%emt 0:00:07]} Qh5 {[%emt 0:00:01]}
23. Qd2 {[%emt 0:00:24]} Rbg8 {[%emt 0:00:26]} 24. Re1 {[%emt 0:00:35]} Kc8 {
[%emt 0:00:13]} 25. Qf2 {[%emt 0:00:07]} Qf5 {[%emt 0:00:13]} 26. Rf3 {[%emt 0:
00:05]} Qa5 {[%emt 0:00:04]} 27. Rb1 {[%emt 0:00:16]} Qxa2 {[%emt 0:00:06]} 28.
Rb4 {[%emt 0:00:08]} a5 {[%emt 0:00:05]} 29. Rd4 {[%emt 0:00:02]} c5 {[%emt 0:
00:13]} 30. Rd2 {[%emt 0:00:05]} a4 {[%emt 0:00:01]} 31. Bxd6 {[%emt 0:00:02]}
cxd6 {[%emt 0:00:07]} 32. Rxd6 {[%emt 0:00:01]} Qc4 {[%emt 0:00:10]} 33. Rc6+ {
[%emt 0:00:05]} Kd7 {[%emt 0:00:08]} 34. Rxc5 {[%emt 0:00:00]} Qe4 {[%emt 0:00:
28]} 35. Rxf7+ {[%emt 0:00:04]} Kd6 {[%emt 0:00:13]} 36. Rf4 {[%emt 0:00:09]}
Rxg2+ {[%emt 0:00:05]} 37. Qxg2 {[%emt 0:00:01]} Qxf4+ {[%emt 0:00:00]} 38. Kg1
{[%emt 0:00:02]} Qe3+ {[%emt 0:00:05]} 39. Kh2 {[%emt 0:00:01]} Qxc5 {[%emt 0:
00:01]} 40. Qd5+ {[%emt 0:00:02]} Qxd5 {[%emt 0:00:01] Readycash resigns} 0-1

[Event "T-Director's Swiss sytem"]
[Site "playchess.com #662980"]
[Date "2014.03.16"]
[Round "3"]
[White "Readycash"]
[Black "Kingston Town"]
[Result "1/2-1/2"]
[WhiteElo "2338"]
[BlackElo "2045"]
[PlyCount "109"]
[EventDate "2014.03.16"]
[EventType "swiss (blitz)"]

1. d4 {[%emt 0:00:01]} Nf6 {[%emt 0:00:02]} 2. c4 {[%emt 0:00:01]} g6 {[%emt 0:
00:00]} 3. Nc3 {[%emt 0:00:01]} Bg7 {[%emt 0:00:00]} 4. e4 {[%emt 0:00:00]} O-O
{[%emt 0:00:01]} 5. Nf3 {[%emt 0:00:01]} d6 {[%emt 0:00:01]} 6. Be2 {[%emt 0:
00:01]} c5 {[%emt 0:00:00]} 7. d5 {[%emt 0:00:02]} e6 {[%emt 0:00:01]} 8. O-O {
[%emt 0:00:01]} exd5 {[%emt 0:00:00]} 9. cxd5 {[%emt 0:00:07]} Re8 {[%emt 0:00:
02]} 10. Nd2 {[%emt 0:00:01]} Nbd7 {[%emt 0:00:02]} 11. f3 {[%emt 0:00:09]} Nh5
{[%emt 0:00:13]} 12. Nc4 {[%emt 0:00:07]} Ne5 {[%emt 0:00:04]} 13. Nxe5 {[%emt
0:00:07]} Bxe5 {[%emt 0:00:01]} 14. f4 {[%emt 0:00:02]} Bd4+ {[%emt 0:00:02]}
15. Kh1 {[%emt 0:00:01]} Qh4 {[%emt 0:00:32]} 16. Bxh5 {[%emt 0:00:14]} gxh5 {
[%emt 0:00:10]} 17. Qd3 {[%emt 0:00:24]} f5 {[%emt 0:00:44]} 18. Bd2 {[%emt 0:
01:21]} fxe4 {[%emt 0:00:25]} 19. Nxe4 {[%emt 0:00:02]} Bf5 {[%emt 0:00:00]}
20. Qg3+ {[%emt 0:00:04]} Qxg3 {[%emt 0:00:18]} 21. Nxg3 {[%emt 0:00:00]} Bg4 {
[%emt 0:00:20]} 22. h3 {[%emt 0:00:11]} Be2 {[%emt 0:00:02]} 23. Rfe1 {[%emt 0:
00:19]} Bc4 {[%emt 0:00:02]} 24. Nxh5 {[%emt 0:00:08]} Bxd5 {[%emt 0:00:13]}
25. Bc3 {[%emt 0:00:03]} Bxc3 {[%emt 0:00:07]} 26. bxc3 {[%emt 0:00:01]} Kf7 {
[%emt 0:00:02]} 27. Red1 {[%emt 0:00:05]} Bc6 {[%emt 0:00:20]} 28. Rd2 {[%emt
0:00:51]} Re3 {[%emt 0:00:05]} 29. Kh2 {[%emt 0:00:07]} Rg8 {[%emt 0:00:01]}
30. Rg1 {[%emt 0:00:12]} Ke7 {[%emt 0:00:28]} 31. f5 {[%emt 0:00:08]} Rxc3 {
[%emt 0:00:07]} 32. f6+ {[%emt 0:00:11]} Kf7 {[%emt 0:00:01]} 33. Rxd6 {[%emt
0:00:08]} Rc2 {[%emt 0:00:04]} 34. Nf4 {[%emt 0:00:01]} Rf2 {[%emt 0:00:04]}
35. Rxc6 {[%emt 0:00:07]} bxc6 {[%emt 0:00:02]} 36. Nd3 {[%emt 0:00:00]} Rxa2 {
[%emt 0:00:07]} 37. Nxc5 {[%emt 0:00:01]} Kxf6 {[%emt 0:00:12]} 38. h4 {[%emt
0:00:02]} a5 {[%emt 0:00:06]} 39. Kh3 {[%emt 0:00:01]} h5 {[%emt 0:00:04]} 40.
Ne4+ {[%emt 0:00:05]} Ke5 {[%emt 0:00:03]} 41. Ng5 {[%emt 0:00:01]} Rxg5 {
[%emt 0:00:03]} 42. hxg5 {[%emt 0:00:01]} Kf5 {[%emt 0:00:01]} 43. Rc1 {[%emt
0:00:01]} Kxg5 {[%emt 0:00:10]} 44. Rxc6 {[%emt 0:00:06]} Ra3+ {[%emt 0:00:02]}
45. g3 {[%emt 0:00:03]} a4 {[%emt 0:00:01]} 46. Rc5+ {[%emt 0:00:02]} Kg6 {
[%emt 0:00:02]} 47. Kh4 {[%emt 0:00:00] Kingston Town offers a draw} Ra1 {
[%emt 0:00:06]} 48. Rc6+ {[%emt 0:00:01]} Kf5 {[%emt 0:00:06]} 49. Rc5+ {[%emt
0:00:02]} Kg6 {[%emt 0:00:03]} 50. Rg5+ {[%emt 0:00:03]} Kf6 {[%emt 0:00:01]}
51. Kxh5 {[%emt 0:00:08]} a3 {[%emt 0:00:05]} 52. Ra5 {[%emt 0:00:04]} a2 {
[%emt 0:00:02]} 53. Kg4 {[%emt 0:00:03]} Ke6 {[%emt 0:00:03]} 54. Kg5 {[%emt 0:
00:06]} Rg1 {[%emt 0:00:07] Readycash offers a draw} 55. Rxa2 {[%emt 0:00:05]}
1/2-1/2

[Event "T-Director's Swiss sytem"]
[Site "playchess.com #662980"]
[Date "2014.03.16"]
[Round "1"]
[White "Readycash"]
[Black "Marcelciubotariu"]
[Result "1-0"]
[WhiteElo "2370"]
[BlackElo "1661"]
[PlyCount "127"]
[EventDate "2014.03.16"]
[EventType "swiss (blitz)"]

1. e4 {[%emt 0:00:01]} c5 {[%emt 0:00:04]} 2. b4 {[%emt 0:00:03]} e6 {[%emt 0:
00:07]} 3. bxc5 {[%emt 0:00:04]} Bxc5 {[%emt 0:00:02]} 4. d4 {[%emt 0:00:01]}
Be7 {[%emt 0:00:03]} 5. e5 {[%emt 0:00:03]} d5 {[%emt 0:00:02]} 6. Nf3 {[%emt
0:00:02]} Nc6 {[%emt 0:00:03]} 7. c3 {[%emt 0:00:01]} f6 {[%emt 0:00:06]} 8.
Bd3 {[%emt 0:00:03]} fxe5 {[%emt 0:00:03]} 9. dxe5 {[%emt 0:00:01]} Qb6 {[%emt
0:00:11]} 10. O-O {[%emt 0:00:10]} Bd7 {[%emt 0:00:02]} 11. Nbd2 {[%emt 0:00:
06]} O-O-O {[%emt 0:00:03]} 12. Rb1 {[%emt 0:00:03]} Qc7 {[%emt 0:00:03]} 13.
Qb3 {[%emt 0:00:15]} Nh6 {[%emt 0:00:06]} 14. c4 {[%emt 0:00:04]} Na5 {[%emt 0:
00:35]} 15. Qc2 {[%emt 0:00:10]} Nxc4 {[%emt 0:00:13]} 16. Nxc4 {[%emt 0:00:14]
} dxc4 {[%emt 0:00:02]} 17. Bxc4 {[%emt 0:00:02]} Nf7 {[%emt 0:00:46]} 18. Be3
{[%emt 0:00:06]} Kb8 {[%emt 0:00:05]} 19. Qb3 {[%emt 0:00:06]} Bc6 {[%emt 0:00:
11]} 20. Bxe6 {[%emt 0:01:05]} Nxe5 {[%emt 0:00:07]} 21. Nd4 {[%emt 0:00:28]}
Bf6 {[%emt 0:00:34]} 22. Rfc1 {[%emt 0:00:05]} Rxd4 {[%emt 0:00:33]} 23. Bxd4 {
[%emt 0:00:01]} Rd8 {[%emt 0:00:03]} 24. Be3 {[%emt 0:00:20]} Nd3 {[%emt 0:00:
13]} 25. Rd1 {[%emt 0:00:13]} Ne5 {[%emt 0:00:23]} 26. Rxd8+ {[%emt 0:00:07]}
Qxd8 {[%emt 0:00:03]} 27. Rd1 {[%emt 0:00:16]} Qc7 {[%emt 0:00:03]} 28. Qa3 {
[%emt 0:00:08]} b6 {[%emt 0:00:10]} 29. Qd6 {[%emt 0:00:40]} Ng6 {[%emt 0:00:
09]} 30. Bf5 {[%emt 0:00:11]} Qxd6 {[%emt 0:00:10]} 31. Rxd6 {[%emt 0:00:01]}
Kc7 {[%emt 0:00:01]} 32. Rd1 {[%emt 0:00:03]} Nf8 {[%emt 0:00:13]} 33. Bd4 {
[%emt 0:00:04]} Bxd4 {[%emt 0:00:03]} 34. Rxd4 {[%emt 0:00:00]} g6 {[%emt 0:00:
01]} 35. Bc2 {[%emt 0:00:02]} Nd7 {[%emt 0:00:02]} 36. Rh4 {[%emt 0:00:05]} Nf6
{[%emt 0:00:02]} 37. g4 {[%emt 0:00:09]} Kd6 {[%emt 0:00:05]} 38. g5 {[%emt 0:
00:01]} Nh5 {[%emt 0:00:02]} 39. Bd1 {[%emt 0:00:01]} Ke6 {[%emt 0:00:05]} 40.
Bxh5 {[%emt 0:00:01]} gxh5 {[%emt 0:00:01]} 41. Rxh5 {[%emt 0:00:00]} Kf5 {
[%emt 0:00:02]} 42. Rxh7 {[%emt 0:00:02]} Kxg5 {[%emt 0:00:01]} 43. Rxa7 {
[%emt 0:00:00]} Bd5 {[%emt 0:00:03]} 44. a3 {[%emt 0:00:02]} Bc4 {[%emt 0:00:
02]} 45. Rc7 {[%emt 0:00:02]} b5 {[%emt 0:00:02]} 46. a4 {[%emt 0:00:01]} Be2 {
[%emt 0:00:03]} 47. a5 {[%emt 0:00:01]} b4 {[%emt 0:00:02]} 48. Rb7 {[%emt 0:
00:02]} Ba6 {[%emt 0:00:02]} 49. Rxb4 {[%emt 0:00:02]} Kf5 {[%emt 0:00:06]} 50.
Rb6 {[%emt 0:00:01]} Be2 {[%emt 0:00:02]} 51. a6 {[%emt 0:00:01]} Bf3 {[%emt 0:
00:02]} 52. a7 {[%emt 0:00:02]} Ba8 {[%emt 0:00:02]} 53. Rb8 {[%emt 0:00:01]}
Be4 {[%emt 0:00:02]} 54. a8=Q {[%emt 0:00:02]} Bxa8 {[%emt 0:00:01]} 55. Rxa8 {
[%emt 0:00:00]} Kg4 {[%emt 0:00:02]} 56. Rg8+ {[%emt 0:00:01]} Kh5 {[%emt 0:00:
02]} 57. Kg2 {[%emt 0:00:02]} Kh6 {[%emt 0:00:01]} 58. Kg3 {[%emt 0:00:01]} Kh7
{[%emt 0:00:01]} 59. Rg5 {[%emt 0:00:01]} Kh6 {[%emt 0:00:01]} 60. Kg4 {[%emt
0:00:00]} Kh7 {[%emt 0:00:01]} 61. Kf5 {[%emt 0:00:01]} Kh8 {[%emt 0:00:01]}
62. Kf6 {[%emt 0:00:01]} Kh7 {[%emt 0:00:01]} 63. Rh5+ {[%emt 0:00:01]} Kg8 {
[%emt 0:00:02]} 64. Rh6 {[%emt 0:00:01] Time} 1-0

[Event "T-Director's Swiss sytem"]
[Site "playchess.com #662980"]
[Date "2014.03.16"]
[Round "4"]
[White "Readycash"]
[Black "Martilvov"]
[Result "1-0"]
[WhiteElo "2326"]
[BlackElo "1714"]
[PlyCount "141"]
[EventDate "2014.03.16"]
[EventType "swiss (blitz)"]

1. e4 {[%emt 0:00:04]} e6 {[%emt 0:00:04]} 2. d4 {[%emt 0:00:01]} d5 {[%emt 0:
00:02]} 3. e5 {[%emt 0:00:01]} c5 {[%emt 0:00:02]} 4. Qg4 {[%emt 0:00:05]} cxd4
{[%emt 0:00:12]} 5. Nf3 {[%emt 0:00:02]} Nc6 {[%emt 0:00:05]} 6. Bd3 {[%emt 0:
00:04]} Nge7 {[%emt 0:00:03]} 7. O-O {[%emt 0:00:03]} Ng6 {[%emt 0:00:02]} 8.
Qg3 {[%emt 0:00:07]} Qc7 {[%emt 0:00:08]} 9. Re1 {[%emt 0:00:02]} Bb4 {[%emt 0:
00:12]} 10. c3 {[%emt 0:00:07]} dxc3 {[%emt 0:00:03]} 11. Nxc3 {[%emt 0:00:02]}
a6 {[%emt 0:00:16]} 12. h4 {[%emt 0:00:13]} Qa5 {[%emt 0:00:42]} 13. h5 {[%emt
0:00:06]} Bxc3 {[%emt 0:00:06]} 14. bxc3 {[%emt 0:00:10]} Qxc3 {[%emt 0:00:02]}
15. hxg6 {[%emt 0:00:10]} hxg6 {[%emt 0:00:02]} 16. Bxg6 {[%emt 0:00:15]} Qxa1
{[%emt 0:00:37]} 17. Bh6 {[%emt 0:00:59]} Qc3 {[%emt 0:00:51]} 18. Bxf7+ {
[%emt 0:00:04]} Kd8 {[%emt 0:00:24]} 19. Qxg7 {[%emt 0:00:03]} Rxh6 {[%emt 0:
00:06]} 20. Qxh6 {[%emt 0:00:01]} Kc7 {[%emt 0:00:33]} 21. Bxe6 {[%emt 0:00:15]
} Nd4 {[%emt 0:00:13]} 22. Qg7+ {[%emt 0:01:24] .} Kb6 {[%emt 0:00:14]} 23.
Rb1+ {[%emt 0:00:03]} Nb5 {[%emt 0:00:11]} 24. Bxd5 {[%emt 0:00:08]} Qd3 {
[%emt 0:00:06]} 25. Qh6+ {[%emt 0:00:10]} Ka7 {[%emt 0:00:05]} 26. Qe3+ {[%emt
0:00:02]} Qxe3 {[%emt 0:00:05]} 27. fxe3 {[%emt 0:00:00]} Nc3 {[%emt 0:00:01]}
28. Rb3 {[%emt 0:00:31]} Nxd5 {[%emt 0:00:05]} 29. e4 {[%emt 0:00:01]} Nf4 {
[%emt 0:00:08]} 30. Nd4 {[%emt 0:00:09]} Ne6 {[%emt 0:00:05]} 31. Nf5 {[%emt 0:
00:03]} Nc5 {[%emt 0:00:03]} 32. Rb4 {[%emt 0:00:05]} Bxf5 {[%emt 0:00:02]} 33.
exf5 {[%emt 0:00:01]} Re8 {[%emt 0:00:00]} 34. e6 {[%emt 0:00:02]} Nxe6 {[%emt
0:00:06]} 35. fxe6 {[%emt 0:00:01]} Rxe6 {[%emt 0:00:00]} 36. a4 {[%emt 0:00:
03]} Rg6 {[%emt 0:00:11]} 37. g4 {[%emt 0:00:05]} a5 {[%emt 0:00:01]} 38. Re4 {
[%emt 0:00:01]} Ka6 {[%emt 0:00:02]} 39. Kg2 {[%emt 0:00:03]} b5 {[%emt 0:00:
01]} 40. axb5+ {[%emt 0:00:04]} Kxb5 {[%emt 0:00:00]} 41. Kg3 {[%emt 0:00:01]}
a4 {[%emt 0:00:01]} 42. Re8 {[%emt 0:00:00]} Kb4 {[%emt 0:00:01]} 43. Rb8+ {
[%emt 0:00:01]} Kc3 {[%emt 0:00:02]} 44. Rc8+ {[%emt 0:00:01]} Kb4 {[%emt 0:00:
02]} 45. Rb8+ {[%emt 0:00:02]} Kc3 {[%emt 0:00:02]} 46. Ra8 {[%emt 0:00:00]}
Kb3 {[%emt 0:00:02]} 47. Kf4 {[%emt 0:00:00]} a3 {[%emt 0:00:01]} 48. Kf5 {
[%emt 0:00:01]} Rb6 {[%emt 0:00:04]} 49. g5 {[%emt 0:00:02]} a2 {[%emt 0:00:01]
} 50. g6 {[%emt 0:00:00]} Kb2 {[%emt 0:00:04]} 51. g7 {[%emt 0:00:02]} Rb5+ {
[%emt 0:00:02]} 52. Kf4 {[%emt 0:00:03]} Rb4+ {[%emt 0:00:01]} 53. Kf3 {[%emt
0:00:01]} Rb3+ {[%emt 0:00:01]} 54. Kf2 {[%emt 0:00:02]} a1=Q {[%emt 0:00:08]}
55. Rxa1 {[%emt 0:00:03]} Kxa1 {[%emt 0:00:00]} 56. g8=Q {[%emt 0:00:01]} Rb2+
{[%emt 0:00:01]} 57. Ke3 {[%emt 0:00:02]} Kb1 {[%emt 0:00:01]} 58. Qg1+ {[%emt
0:00:04]} Ka2 {[%emt 0:00:01]} 59. Kd3 {[%emt 0:00:01]} Rb3+ {[%emt 0:00:01]}
60. Kc4 {[%emt 0:00:01]} Rb2 {[%emt 0:00:01]} 61. Qc1 {[%emt 0:00:05]} Rb1 {
[%emt 0:00:04]} 62. Qc2+ {[%emt 0:00:06]} Rb2 {[%emt 0:00:01]} 63. Qa4+ {[%emt
0:00:01]} Kb1 {[%emt 0:00:01]} 64. Kc3 {[%emt 0:00:02]} Rh2 {[%emt 0:00:02]}
65. Qe4+ {[%emt 0:00:04]} Ka1 {[%emt 0:00:03]} 66. Qe1+ {[%emt 0:00:18]} Ka2 {
[%emt 0:00:02]} 67. Qf1 {[%emt 0:00:07]} Rb2 {[%emt 0:00:01]} 68. Qa6+ {[%emt
0:00:06]} Kb1 {[%emt 0:00:01]} 69. Qg6+ {[%emt 0:00:06]} Ka2 {[%emt 0:00:02]}
70. Qg1 {[%emt 0:00:06]} Rb1 {[%emt 0:00:02]} 71. Qa7# {[%emt 0:00:02]} 1-0

[Event "T-Director's Swiss sytem"]
[Site "playchess.com #662980"]
[Date "2014.03.16"]
[Round "6"]
[White "Rkem71"]
[Black "Dusica"]
[Result "0-1"]
[WhiteElo "1494"]
[BlackElo "1693"]
[PlyCount "46"]
[EventDate "2014.03.16"]
[EventType "swiss (blitz)"]

1. e4 {[%emt 0:00:01]} Nc6 {[%emt 0:00:08]} 2. d4 {[%emt 0:00:05]} d5 {[%emt 0:
00:04]} 3. e5 {[%emt 0:00:13]} Bf5 {[%emt 0:00:02]} 4. Bd3 {[%emt 0:00:05]}
Nxd4 {[%emt 0:00:03]} 5. Be3 {[%emt 0:00:46]} Bxd3 {[%emt 0:00:03]} 6. Qxd3 {
[%emt 0:00:08]} Nc6 {[%emt 0:00:01]} 7. Nf3 {[%emt 0:00:40]} a6 {[%emt 0:00:05]
} 8. Nc3 {[%emt 0:00:13]} e6 {[%emt 0:00:05]} 9. Ne2 {[%emt 0:00:23]} Nge7 {
[%emt 0:00:06]} 10. Ned4 {[%emt 0:00:05]} Nxd4 {[%emt 0:00:05]} 11. Bxd4 {
[%emt 0:00:02]} c5 {[%emt 0:00:05]} 12. Bxc5 {[%emt 0:00:10]} Nc6 {[%emt 0:00:
04]} 13. Bxf8 {[%emt 0:00:03]} Kxf8 {[%emt 0:00:02]} 14. O-O {[%emt 0:00:02]}
h5 {[%emt 0:00:04]} 15. Rfe1 {[%emt 0:00:08]} Rh6 {[%emt 0:00:02]} 16. h4 {
[%emt 0:00:17]} Rg6 {[%emt 0:00:03]} 17. Ng5 {[%emt 0:00:02]} Ne7 {[%emt 0:00:
08]} 18. Qf3 {[%emt 0:00:04]} Nf5 {[%emt 0:00:02]} 19. g4 {[%emt 0:00:21]} hxg4
{[%emt 0:00:04]} 20. Qxg4 {[%emt 0:00:02]} Nxh4 {[%emt 0:00:04]} 21. Qxh4 {
[%emt 0:00:07]} Rxg5+ {[%emt 0:00:01]} 22. Kf1 {[%emt 0:00:13]} Rg1+ {[%emt 0:
00:01]} 23. Kxg1 {[%emt 0:00:02]} Qxh4 {[%emt 0:00:01] Rkem71 resigns} 0-1

[Event "T-Director's Swiss sytem"]
[Site "playchess.com #662980"]
[Date "2014.03.16"]
[Round "4"]
[White "Rkem71"]
[Black "Kuerpov"]
[Result "0-1"]
[WhiteElo "1477"]
[BlackElo "1719"]
[PlyCount "42"]
[EventDate "2014.03.16"]
[EventType "swiss (blitz)"]

1. e4 {[%emt 0:00:02]} c5 {[%emt 0:00:03]} 2. Nf3 {[%emt 0:00:03]} d6 {[%emt 0:
00:03]} 3. d4 {[%emt 0:00:01]} cxd4 {[%emt 0:00:04]} 4. Nxd4 {[%emt 0:00:01]}
Nf6 {[%emt 0:00:03]} 5. Nc3 {[%emt 0:00:04]} a6 {[%emt 0:00:02]} 6. Be3 {[%emt
0:00:04]} e6 {[%emt 0:00:03]} 7. f3 {[%emt 0:00:01]} Nbd7 {[%emt 0:00:03]} 8.
Qd2 {[%emt 0:00:01]} b5 {[%emt 0:00:03]} 9. Be2 {[%emt 0:00:02]} Qc7 {[%emt 0:
00:03]} 10. O-O-O {[%emt 0:00:12]} Bb7 {[%emt 0:00:03]} 11. Kb1 {[%emt 0:00:06]
} Rc8 {[%emt 0:00:03]} 12. Rc1 {[%emt 0:00:05]} Be7 {[%emt 0:00:05]} 13. g4 {
[%emt 0:00:03]} Nb6 {[%emt 0:00:04]} 14. h4 {[%emt 0:00:04]} Nfd7 {[%emt 0:00:
06]} 15. g5 {[%emt 0:00:06]} Ne5 {[%emt 0:00:07]} 16. h5 {[%emt 0:00:07]} Nec4
{[%emt 0:00:02]} 17. Bxc4 {[%emt 0:00:02]} Nxc4 {[%emt 0:00:01]} 18. Qf2 {
[%emt 0:00:08]} Nxb2 {[%emt 0:01:01]} 19. Kxb2 {[%emt 0:00:36]} Qxc3+ {[%emt 0:
00:04]} 20. Kb1 {[%emt 0:00:01]} d5 {[%emt 0:00:03]} 21. e5 {[%emt 0:00:37]}
Ba3 {[%emt 0:00:03] Rkem71 resigns} 0-1

[Event "T-Director's Swiss sytem"]
[Site "playchess.com #662980"]
[Date "2014.03.16"]
[Round "2"]
[White "Rkem71"]
[Black "MatildaAB"]
[Result "0-1"]
[WhiteElo "1483"]
[BlackElo "2104"]
[PlyCount "76"]
[EventDate "2014.03.16"]
[EventType "swiss (blitz)"]

1. e4 {[%emt 0:00:04]} e5 {[%emt 0:00:02]} 2. Nf3 {[%emt 0:00:02]} Nc6 {[%emt
0:00:02]} 3. Bb5 {[%emt 0:00:02]} a6 {[%emt 0:00:01]} 4. Ba4 {[%emt 0:00:02]}
Nf6 {[%emt 0:00:03]} 5. O-O {[%emt 0:00:06]} b5 {[%emt 0:00:02]} 6. Bb3 {[%emt
0:00:02]} Bb7 {[%emt 0:00:01]} 7. c3 {[%emt 0:00:06]} Nxe4 {[%emt 0:00:05]} 8.
d4 {[%emt 0:00:06]} exd4 {[%emt 0:00:11]} 9. Nxd4 {[%emt 0:00:02]} Nxd4 {[%emt
0:00:08]} 10. Qxd4 {[%emt 0:00:15]} Qf6 {[%emt 0:00:27]} 11. Re1 {[%emt 0:00:
19]} Qxd4 {[%emt 0:00:04]} 12. cxd4 {[%emt 0:00:05]} O-O-O {[%emt 0:00:41]} 13.
Bxf7 {[%emt 0:00:20]} Bb4 {[%emt 0:00:02]} 14. Re2 {[%emt 0:00:16]} Rhf8 {
[%emt 0:00:02]} 15. Bh5 {[%emt 0:00:23]} Nf6 {[%emt 0:00:10]} 16. Bf3 {[%emt 0:
00:29]} Bxf3 {[%emt 0:00:03]} 17. gxf3 {[%emt 0:00:01]} Nd5 {[%emt 0:00:08]}
18. a3 {[%emt 0:00:15]} Bd6 {[%emt 0:00:03]} 19. Nc3 {[%emt 0:00:03]} Nxc3 {
[%emt 0:00:10]} 20. bxc3 {[%emt 0:00:02]} Rxf3 {[%emt 0:00:01]} 21. Kg2 {[%emt
0:00:10]} Rxc3 {[%emt 0:00:14]} 22. Be3 {[%emt 0:00:06]} Rxa3 {[%emt 0:00:03]}
23. Rxa3 {[%emt 0:00:02]} Bxa3 {[%emt 0:00:00]} 24. Ra2 {[%emt 0:00:02]} b4 {
[%emt 0:00:02]} 25. Kf1 {[%emt 0:00:11]} Kb7 {[%emt 0:00:02]} 26. Ke2 {[%emt 0:
00:02]} Kc6 {[%emt 0:00:04]} 27. Kd3 {[%emt 0:00:01]} Kb5 {[%emt 0:00:01]} 28.
Kc2 {[%emt 0:00:04]} Ka4 {[%emt 0:00:02]} 29. Kd3 {[%emt 0:00:02]} b3 {[%emt 0:
00:04]} 30. Ra1 {[%emt 0:00:03]} b2 {[%emt 0:00:01]} 31. Rb1 {[%emt 0:00:01]}
Kb3 {[%emt 0:00:02]} 32. d5 {[%emt 0:00:10]} c6 {[%emt 0:00:07]} 33. d6 {[%emt
0:00:03]} Bxd6 {[%emt 0:00:08]} 34. Bd4 {[%emt 0:00:21]} Ba3 {[%emt 0:00:02]}
35. Bxg7 {[%emt 0:00:06]} c5 {[%emt 0:00:05]} 36. h4 {[%emt 0:00:10]} c4+ {
[%emt 0:00:01]} 37. Kd2 {[%emt 0:00:02]} Bb4+ {[%emt 0:00:02]} 38. Ke3 {[%emt
0:00:49]} c3 {[%emt 0:00:03] Rkem71 resigns} 0-1